000 00426nam a2200145 a 4500
001 000039723
005 20201002033711.0
008 130718s2011 xxcac 000 0 spa d
040 _aDO-SdBNP
_bspa
_cBNPHU
082 _axxx
_bxxxx
100 1 _aKapoor, Suhail
_965915
245 1 0 _aIslam :
_bbalanceando la vida y más allá. /
_cSuhail Kapoor.
260 _a[Canada] :
_b[s.d.],
_c2011.
300 _a71 p. :
_bil., retr. ;
_c21 cm.
999 _c39213
_d39213